15 mots d'anglais #10 - Statistiques

Statistiques générales
  • Ce quiz a été pris 64 fois
    39 depuis la dernière actualisation
  • Le résultat moyen est 7 sur 15
Statistiques - réponses
Français Anglais % Correct
Epinards Spinach
84%
Sauver To save
68%
Fourmi Ant
65%
Augmenter / Croitre To increase / To rise / To grow
62%
Carpe Carp
57%
Paiement Payment
49%
Enterrement Funeral / Burial
46%
Paille Straw
46%
Comte Earl / Count
38%
Chatouiller To tickle
38%
Boisson Beverage
32%
Inhaler To inhale
27%
Antenne Antenna
24%
Marée Tide
16%
Verger Orchard
8%
Aucun quiz correspondant
Distribution des résultats
% des personnes avec chaque résultat
Percentile par nombre de réponses
Votre historique - résultats
Vous n’avez pas pris ce quiz depuis la dernière actualisation